The foreign policy rhetoric of populism: Chavez, oil, and anti-imperialism (Record no. 510415)

000 -LEADER
fixed length control field 01573nam a22001697a 4500
008 - FIXED-LENGTH DATA ELEMENTS--GENERAL INFORMATION
fixed length control field 190816b ||||| |||| 00| 0 eng d
100 ## - MAIN ENTRY--PERSONAL NAME
Personal name Sagarzazu, Inaki
245 ## - TITLE STATEMENT
Title The foreign policy rhetoric of populism: Chavez, oil, and anti-imperialism
260 ## - PUBLICATION, DISTRIBUTION, ETC. (IMPRINT)
Date of publication, distribution, etc 2019
300 ## - PHYSICAL DESCRIPTION
Extent p.205-214.
520 ## - SUMMARY, ETC.
Summary, etc Populists are often identified based on their behavior, but the discursive element of their identities is also a frequently observed characteristic of this type of leader. We examine the determinants of populist foreign policy rhetoric in the case of Venezuela’s Hugo Chávez. We argue that a leftist populist leader such as Chávez will focus on anti-imperialist themes, and we consider two mechanisms that may indicate the conditions under which he will use them: diversion, which would typically be expected from a populist, and capacity. We use time-series analysis of rhetorical data scraped from the entire corpus of Aló Presidente—Chávez’s weekly television series—to test our hypotheses. The evidence supports the capacity mechanism, that Chávez is emboldened to use anti-imperialist rhetoric when the price of oil is high. His rhetoric, thus, matches his resources and ability to provide domestic and international goods to support his own identity as a protector and savior of the common people from domestic and global elites engaged in the imperialistic enterprise. - Reproduced.
650 ## - SUBJECT ADDED ENTRY--TOPICAL TERM
Topical term or geographic name as entry element Populism
9 (RLIN) 8385
700 ## - ADDED ENTRY--PERSONAL NAME
Personal name Thies, Cameron G.
9 (RLIN) 8386
773 ## - HOST ITEM ENTRY
Main entry heading Political Research Quarterly
906 ## - LOCAL DATA ELEMENT F, LDF (RLIN)
Subject DIP Foreign policy
942 ## - ADDED ENTRY ELEMENTS (KOHA)
Item type Articles
Holdings
Withdrawn status Lost status Source of classification or shelving scheme Damaged status Not for loan Permanent location Current location Date acquired Serial Enumeration / chronology Barcode Date last seen Koha item type
          Indian Institute of Public Administration Indian Institute of Public Administration 2019-08-16 72(1), Mar, 2019: p.205-214. AR120300 2019-08-16 Articles

Powered by Koha